Wszystkie role i modifiersy w modzie do Among US - Town Of Us - Statystyki

Ogólne statystyki
  • Ten quiz został rozwiązany 303 razy
  • Średni wynik to 13 z 34
Statystyki odpowiedzi
Hint Odpowiedź % Poprawnych
Neutral Role Jester
69%
Neutral Role The Glitch
64%
Crewmate Role Medic
56%
Crewmate Role Sheriff
54%
Impostor Role Swooper
52%
Crewmate Role Seer
51%
Crewmate Role Lovers
50%
Impostor Role Miner
48%
Impostor Role Janitor
46%
Crewmate Role Spy
46%
Crewmate Role Swapper
46%
Crewmate Role Altruist
44%
Neutral Role Arsonist
44%
Neutral Role Executioner
43%
Crewmate Role Engineer
42%
Impostor Role Morphling
42%
Crewmate Role Snitch
42%
Crewmate Role Mayor
35%
Modifier Giant
32%
Crewmate Role Investigator
32%
Crewmate Role Time Lord
32%
Impostor Role Undertaker
32%
Modifier Flash
29%
Neutral Role Phantom
29%
Modifier Torch
29%
Neutral Role Shifter
28%
Impostor Role Underdog
27%
Impostor Role Camouflager
26%
Crewmate Role Child
23%
Modifier Button Barry
18%
Modifier Drunk
18%
Modifier Tiebreaker
18%
Impostor Role Asassin
17%
Modifier Diseased
13%
Nie znaleziono quizów pasujących do podanych kryteriów
Rozkład punktacji
Procent ludzi z każdym wynikiem
Percentyl według liczby udzielonych odpowiedzi
Twoja historia wyników
Nie rozwiązałeś tego quizu